00538pab a2200157 454500008004000000100002100040245008700061260000900148300001000157362001100167650003700178773003400215909000900249999001500258952010700273180718b1987 xxu||||| |||| 00| 0 eng d aHarriss, Barbara aRegional growth linkages from agriculture and resource flows in non - farm economy c1987 a31-46 a3 Jan. aFarm Produce - India - TamilNadu aEconomic and Political Weekly a8142 c8142d8142 00104070aIIPAbIIPAd2018-07-19hVolume no: 22, Issue no: 1 & 2pAR8155r2018-07-19w2018-07-19yAR